Wichaar Laikh / (Record no. 524066)

000 -LEADER
fixed length control field 00461nam a22001817a 4500
003 - CONTROL NUMBER IDENTIFIER
control field NUST
020 ## - INTERNATIONAL STANDARD BOOK NUMBER
International Standard Book Number 9789695931981
038 ## - RECORD CONTENT LICENSOR
Staff Name waseem
082 ## - DEWEY DECIMAL CLASSIFICATION NUMBER
Classification number 891.49104
Author Mark AHM
100 ## - MAIN ENTRY--PERSONAL NAME
Personal name Ahmed, Zubair
9 (RLIN) 14890
245 ## - TITLE STATEMENT
Title Wichaar Laikh /
Statement of responsibility, etc. Zubair Ahmed
260 ## - PUBLICATION, DISTRIBUTION, ETC.
Place of publication, distribution, etc. Lahore :
Name of publisher, distributor, etc. Sanjh Publications,
Date of publication, distribution, etc. 2016.
300 ## - PHYSICAL DESCRIPTION
Extent 244 p. ;
500 ## - GENERAL NOTE
General note Hardcover.
880 ## - ALTERNATE GRAPHIC REPRESENTATION
Linkage 100-02\r
Title زبیر احمد
880 ## - ALTERNATE GRAPHIC REPRESENTATION
Linkage 245-02\r
Title وچار لیکھ /
942 ## - ADDED ENTRY ELEMENTS (KOHA)
Source of classification or shelving scheme
Koha item type Book
Holdings
Withdrawn status Lost status Source of classification or shelving scheme Damaged status Not for loan Permanent Location Current Location Shelving location Date acquired Total Checkouts Full call number Barcode Date last seen Price effective from Koha item type
          Central Library (CL) Central Library (CL) Punjabi Literature 06/15/2019   891.49104 AHM CL-E-1808 06/15/2019 06/15/2019 Book
© 2023 Central Library, National University of Sciences and Technology. All Rights Reserved.